000 01221cam a2200169 4500500
005 20260208010551.0
041 _afre
042 _adc
100 1 0 _aFaes, Hubert
_eauthor
245 0 0 _aEustache Kouvélakis, Philosophie et révolution. De Kant à Marx, préface de Frédéric Jameson, Paris, PUF, 2003, coll. « Actuel Marx / Confrontation », 430 p.
260 _c2005.
500 _a13
520 _aLettres inédites de Théodule Ribot à Henri Piéron Édition et présentation des lettres (1902-1916) du psychologue fondateur de la Revue philosophique, Théodule Ribot, au jeune Henri Piéron, qui deviendra par la suite une figure centrale de la psychologie scientifique française.
520 _aUnpublished letters from Théodule Ribot to Henri Piéron Edition and presentation of the letters (1902-1916) of Théodule Ribot, the psychologist founder of the Revue philosophique, to the young Henri Piéron, who will later become a central figure of French scientific psychology.
786 0 _nRevue philosophique de la France et de l'étranger | 130 | 3 | 2005-09-01 | p. 357l-432l | 0035-3833
856 4 1 _uhttps://shs.cairn.info/revue-philosophique-2005-3-page-357l?lang=fr&redirect-ssocas=7080
999 _c1657161
_d1657161